000 00598nam a2200253Ia 4500
005 20260320200832.0
008 008 262003s9999 xx 000 0 eng d
020 _a9781630819576
037 _aEBOOK
040 _aCRL
040 _beng
040 _cCRL
041 _2eng
041 _aeng
084 _qCRL
100 _aVarrall
_91133550
245 0 _a5G and Satellite RF and Optical Integration
260 _bIEEE
260 _c2022
856 _uhttps://ieeexplore.ieee.org/servlet/opac?bknumber=10000425
942 _cEBOOK
999 _c1717195
_d1717195